Loading...
| Philosophy | 0 | 10 | 0 | 0 | 100 | 56 | 90.90 | 8 | 10 | 0.00 | 0.00 |
| Literature - British | 0 | 9 | 0 | 1 | 90 | 54 | 104.22 | 5 | 9 | 0.00 | 0.00 |
| History - American | 0 | 8 | 0 | 0 | 80 | 31 | 67.25 | 6 | 8 | 0.00 | 0.00 |
| Literature - World | 0 | 8 | 0 | 2 | 80 | 55 | 90.13 | 4 | 8 | 0.00 | 0.00 |
| History - World | 0 | 8 | 1 | 1 | 75 | 39 | 79.13 | 4 | 8 | 0.00 | 0.00 |
| Religion | 0 | 7 | 0 | 1 | 70 | 72 | 100.57 | 4 | 7 | 0.00 | 0.00 |
| History - European | 0 | 8 | 2 | 1 | 70 | 39 | 81.50 | 7 | 8 | 0.00 | 0.00 |
| History - Other | 0 | 7 | 0 | 1 | 70 | 94 | 106.29 | 5 | 7 | 0.00 | 0.00 |
| Science - Physics | 0 | 7 | 0 | 2 | 70 | 77 | 105.57 | 2 | 7 | 0.00 | 0.00 |
| Mythology | 0 | 7 | 1 | 1 | 65 | 84 | 103.00 | 3 | 7 | 0.00 | 0.00 |
| Fine Arts - Painting and Sculpture | 0 | 6 | 1 | 0 | 55 | 72 | 89.33 | 5 | 6 | 0.00 | 0.00 |
| Fine Arts - Other | 0 | 6 | 2 | 1 | 50 | 78 | 109.83 | 4 | 6 | 0.00 | 0.00 |
| Science - Other | 0 | 5 | 0 | 3 | 50 | 99 | 113.40 | 2 | 4 | 0.00 | 0.00 |
| Social Science | 0 | 6 | 2 | 3 | 50 | 83 | 105.33 | 3 | 5 | 0.00 | 0.00 |
| Science - Biology | 0 | 5 | 0 | 0 | 50 | 69 | 89.20 | 4 | 5 | 0.00 | 0.00 |
| Literature - American | 0 | 6 | 2 | 1 | 50 | 64 | 102.67 | 3 | 6 | 0.00 | 0.00 |
| Fine Arts - Classical Music | 0 | 5 | 1 | 0 | 45 | 74 | 95.80 | 2 | 5 | 0.00 | 0.00 |
| Literature - European | 0 | 5 | 3 | 0 | 35 | 80 | 110.40 | 3 | 5 | 0.00 | 0.00 |
| Science - Chemistry | 0 | 4 | 2 | 0 | 30 | 100 | 107.50 | 0 | 4 | 0.00 | 0.00 |
| Other Academic | 0 | 2 | 0 | 1 | 20 | 100 | 118.00 | 1 | 2 | 0.00 | 0.00 |
| Pop Culture | 0 | 1 | 0 | 1 | 10 | 153 | 153.00 | 1 | 1 | 0.00 | 0.00 |
| Geography | 0 | 1 | 0 | 0 | 10 | 120 | 120.00 | 0 | 1 | 0.00 | 0.00 |
| Current Events | 0 | 0 | 0 | 0 | 0 | 0.00 | 0 | 0 | 0.00 | 0.00 |